| 000 | 00719nam a2200229 a 4500 | ||
|---|---|---|---|
| 005 | 20240925065336.0 | ||
| 008 | 030314s2002 mx r 000 0 spa d | ||
| 020 | _a8482396242 | ||
| 035 | _aUPN01000122962 | ||
| 049 | _aCG | ||
| 050 | 4 |
_aRT87 S4.9 _bB4.78 |
|
| 100 | 1 | _aBonacci, Mary Beth | |
| 245 | 1 | 0 |
_aTus preguntas y las respuestas sobre amor y sexo / _cMary Beth Bonacci ; tr. Ignacio Socías Piarnau. |
| 250 | _a2a ed. | ||
| 260 |
_aMadrid : _bPalabra, _c2002. |
||
| 300 | _a285 p. | ||
| 440 | 0 | _aEdu.com | |
| 534 |
_pTítulo original: _tReal love. Answers your questions dating, marriage and the real meaning of sex |
||
| 650 | 2 |
_aSexualidad _97977 |
|
| 650 | 4 |
_aSEXO Y RELIGION _924697 |
|
| 905 | _aLibro | ||
| 999 |
_c95145 _d95145 |
||